Livestock Forage Disaster Program (LFP).

Bibliographic Details
Format: Government Document eBook
Language:English
Published: [Washington, D.C.] : United States Department of Agriculture, Farm Service Agency, 2017.
Series:Fact sheet (United States. Farm Service Agency)
Subjects:
Online Access:https://purl.fdlp.gov/GPO/gpo105999

MARC

Tag First Indicator Second Indicator Subfields
LEADER 00000nam a2200000 i 4500
001 in00004018213
005 20190117123757.0
006 m o d f
007 cr mn|||||||||
008 181130s2017 dcu o f000 0 eng c
035 |a (OCoLC)on1076573318 
042 |a pcc 
043 |a n-us--- 
040 |a GPO  |b eng  |e rda  |e pn  |c GPO  |d MvI 
049 |a WWW 
074 |a 0068-E-01 (online) 
086 0 |a A 112.15:L 75/2/2017 
245 0 0 |a Livestock Forage Disaster Program (LFP). 
264 1 |a [Washington, D.C.] :  |b United States Department of Agriculture, Farm Service Agency,  |c 2017. 
300 |a 1 online resource (4 pages). 
336 |a text  |b txt  |2 rdacontent 
337 |a computer  |b c  |2 rdamedia 
338 |a online resource  |b cr  |2 rdacarrier 
490 1 |a Fact sheet 
500 |a "October 2017." 
500 |a "Disaster assistance." 
588 |a Description based on online resource, PDF version; title from caption (FSA, viewed July 12, 2018). 
650 0 |a Agricultural subsidies  |z United States. 
650 0 |a Livestock  |x Losses  |z United States. 
650 0 |a Agriculture and state  |z United States. 
710 1 |a United States.  |b Farm Service Agency,  |e issuing body. 
830 0 |a Fact sheet (United States. Farm Service Agency) 
856 4 0 |u https://purl.fdlp.gov/GPO/gpo105999  |t 0 
999 f f |s 70c72ca4-d7ea-3003-9fbe-61bf03da2e75  |i a457dd64-5794-39a4-8c0c-52ae46585227  |t 0 
952 f f |a Texas A&M University  |b College Station  |c Electronic Resources  |d Available Online  |t 0  |e A 112.15:L 75/2/2017  |h Superintendent of Documents classification 
998 f f |a A 112.15:L 75/2/2017  |t 0  |l Available Online